| 000 | 01154nam a2200277Ia 4500 | ||
|---|---|---|---|
| 003 | OSt | ||
| 005 | 20221005111940.0 | ||
| 006 | a|||||r|||| 00| 0 | ||
| 007 | ta | ||
| 008 | 221004b |||||||| |||| 00| 0 san d | ||
| 020 |
_a9789380326962 (hbk) _c1500 |
||
| 024 | _a2591 | ||
| 037 |
_b369, 11/02/2013, Vidyanidhi Prakashan _cTextual |
||
| 040 |
_aCRL _cCRL _bsan |
||
| 041 |
_2san _asan |
||
| 082 | _aP15,Cx1,1,6, 152Q3.1, 1,2 | ||
| 100 | _aदीक्षित, भट्टोजि | ||
| 245 | 0 | _aवैयाकरण सिद्धान्त कौमुदी | |
| 246 | _aVaiyākaraṇ siddhānta kaumudī | ||
| 260 |
_aवाराणसी _bचौखम्बा सुरभारती भारत _c2013 |
||
| 490 | _vभाग 1, खंड 1 | ||
| 650 | _aसंस्कृत भाषा | ||
| 700 |
_a गोविन्दाचार्य, अनु. _9157025 |
||
| 942 |
_hP15,Cx1,1,6, 152Q3.1, 1,2 _cTEXL _2cc |
||
| 999 |
_c1023386 _d1023386 |
||